[Event "32nd ECC Women 2016"]
[Site "Novi Sad SRB"]
[Date "2016.11.12"]
[Round "7.7"]
[Board "2"]
[White "Brunello, Marina"]
[Black "Sibajeva, Marija"]
[Result "1-0"]
[WhiteTitle "FM"]
[BlackTitle "WCM"]
[WhiteElo "2349"]
[BlackElo "1869"]
[WhiteTeam "SS Lazio Scacchi"]
[BlackTeam "Kaunas CC Margiris"]
[WhiteFideId "822590"]
[BlackFideId "12807583"]
[EventDate "2016.11.06"]

1. e4 d5 2. exd5 Qxd5 3. Nc3 Qa5 4. d4 Nf6 5. Bc4 Bf5 6. Nf3 e6 7. Bd2 Bb4 8. a3
Bxc3 9. Bxc3 Qb6 10. Qe2 O-O 11. Ne5 Nc6 12. g4 Be4 13. Nd7 Nxd7 14. Qxe4 Nf6
15. Qf4 Rad8 16. O-O-O Nd5 17. Bxd5 Rxd5 18. Rd3 Rfd8 19. Rhd1 a5 20. h4 Ne7 21.
h5 Qd6 22. Qe3 Nc6 23. h6 g6 24. b3 a4 25. Bb2 axb3 26. c4 Ra5 27. Rxb3 b6 28.
Kb1 Ra4 29. d5 Na5 30. Qc3 e5 31. Rb4 Rxb4 32. axb4 Nc6 33. c5 bxc5 34. bxc5 Qf6
35. Qe3 Nd4 36. f4 Nb5 37. fxe5 Qe7 38. e6 f6 39. g5 1-0

[Event "32nd ECC Women 2016"]
[Site "Novi Sad SRB"]
[Date "2016.11.12"]
[Round "7.7"]
[Board "3"]
[White "Gailiunaite, Saule"]
[Black "Di Benedetto, Desiree"]
[Result "0-1"]
[BlackTitle "WFM"]
[WhiteElo "1804"]
[BlackElo "2137"]
[WhiteTeam "Kaunas CC Margiris"]
[BlackTeam "SS Lazio Scacchi"]
[WhiteFideId "12807737"]
[BlackFideId "875813"]
[EventDate "2016.11.06"]

1. d4 Nf6 2. c4 e6 3. Nc3 d5 4. cxd5 exd5 5. Bg5 c6 6. e3 Be6 7. Bd3 Nbd7 8. Qc2
h6 9. Bh4 g5 10. Bg3 Nh5 11. Nge2 Nxg3 12. Nxg3 h5 13. Bf5 Qf6 14. Bxe6 fxe6 15.
O-O-O h4 16. Nge2 O-O-O 17. Rhf1 Kb8 18. f4 Bh6 19. Kb1 Nb6 20. b3 Rc8 21. fxg5
Qxg5 22. Nf4 Rhe8 23. Rfe1 c5 24. Nd3 Nd7 25. Qb2 Bg7 26. Nc1 Rc6 27. Rd3 Rec8
28. Nb5 a6 29. Na3 cxd4 30. exd4 Qf5 31. Qe2 Bh6 32. Rf1 Rxc1+ 33. Rxc1 Rxc1+
34. Kb2 Rf1 35. Nc2 Rf2 36. Qd1 e5 37. dxe5 Qxe5+ 38. Ka3 Bf8+ 39. b4 Qc7 40.
Ne3 Qa5+ 41. Qa4 Bxb4+ 42. Kb3 Nc5# 0-1

[Event "32nd ECC Women 2016"]
[Site "Novi Sad SRB"]
[Date "2016.11.12"]
[Round "7.7"]
[Board "4"]
[White "Santeramo, Alessia"]
[Black "Perminaite, Guoda"]
[Result "1-0"]
[WhiteTitle "WFM"]
[WhiteElo "2097"]
[BlackElo "1762"]
[WhiteTeam "SS Lazio Scacchi"]
[BlackTeam "Kaunas CC Margiris"]
[WhiteFideId "850810"]
[BlackFideId "12808784"]
[EventDate "2016.11.06"]

1. e4 e5 2. Nf3 Nc6 3. Bb5 a6 4. Ba4 d6 5. O-O Bd7 6. d4 b5 7. Bb3 Nxd4 8. Nxd4
exd4 9. c3 dxc3 10. Qh5 g6 11. Qd5 Be6 12. Qc6+ Bd7 13. Qxc3 f6 14. f4 Bg7 15.
e5 f5 16. Qf3 Ne7 17. exd6 cxd6 18. Re1 Kf8 19. Nc3 Bc6 20. Nd5 Bd4+ 21. Kh1 Ra7
22. Qd3 Bg7 23. Be3 Rb7 24. Nc3 d5 25. Bd4 Rd7 26. Ne2 Kf7 27. Bxg7 Kxg7 28. Nd4
Kf7 29. Rxe7+ Qxe7 30. Nxc6 Qc5 31. Ne5+ Ke7 32. Nxd7 Kxd7 33. Qxd5+ Qxd5 34.
Bxd5 Kd6 35. Rd1 Kc5 36. Kg1 h6 37. Bf7 1-0